Európa, Közép-Európa - csődők és esélyek
Elmentve itt :
| Szerző: | |
|---|---|
| Adatforrás: | Meister |
| Forrásdokumentuma: | Korunk. - 2 sz., 1994, 73-76 p. |
| Nyelv: | magyar |
| Kulcsszavak: | politológia művelődéstörténet történetfilozófia nacionalizmus & internacionalizmus internacionalizmus & nacionalizmus nemzet közép-európaiság Európa Kelet-Európa Közép-Európa |
| LEADER | 00674nab a2200229 i 4500 | ||
|---|---|---|---|
| 001 | bibPRO00000026 | ||
| 008 | 060524s1994 xx hun | ||
| 040 | |a Sz1 | ||
| 041 | |a hun | ||
| 100 | 1 | |a MÉSZÖLY Miklós | |
| 245 | 1 | 0 | |a Európa, Közép-Európa - csődők és esélyek |c MÉSZÖLY Miklós |
| 695 | |a politológia | ||
| 695 | |a művelődéstörténet | ||
| 695 | |a történetfilozófia | ||
| 695 | |a nacionalizmus & internacionalizmus | ||
| 695 | |a internacionalizmus & nacionalizmus | ||
| 695 | |a nemzet | ||
| 695 | |a közép-európaiság | ||
| 695 | |a Európa | ||
| 695 | |a Kelet-Európa | ||
| 695 | |a Közép-Európa | ||
| 773 | 0 | |t Korunk. - |g 2 sz., 1994, 73-76 p. | |